Countries that finishes with a vowel (excluding A) - Statistics

General Stats
  • This quiz has been taken 18 times
  • The average score is 27 of 41
Answer Stats
Hint Answer % Correct
-ce France
94%
-co Mexico
94%
-au Palau
94%
-we Zimbabwe
94%
-ze Belize
88%
-ji Fiji
88%
-co Morocco
88%
-ru Nauru
88%
-lu Tuvalu
88%
-de Cape Verde
81%
-ti Haiti
81%
-ue Mozambique
81%
-ru Peru
81%
-go Togo
81%
-tu Vanuatu
81%
-ei Brunei
75%
-le Chile
75%
-vo Kosovo
75%
-ho Lesotho
75%
-wi Malawi
75%
-go Republic of Congo
75%
-no San Marino
69%
-di Burundi
63%
-ce Greece
63%
-au Guinea-Bissau
63%
-ro Montenegro
63%
-ne Ukraine
63%
-go Democratic Republic of Congo
56%
-ni Eswatini
56%
-li Mali
56%
-co Monaco
56%
-re Singapore
56%
-me Suriname
56%
-ti Djibouti
50%
-ti Kiribati
50%
-pe São Tomé and Príncipe
50%
-ne Sierra Leone
50%
-so Burkina Faso
44%
-te Timor-Leste
25%
-go Trinitad and Tobago
6%
-ne Palestine
0%
No matching quizzes found
Score Distribution
Percent of People with Each Score
Percentile by Number Answered
Your Score History
You have not taken this quiz